| 000 | nam a22 7a 4500 | ||
|---|---|---|---|
| 999 |
_c29769 _d29769 |
||
| 008 | 180718b xxu||||| |||| 00| 0 eng d | ||
| 020 | _a9781598239652 | ||
| 020 | _a1598239652 | ||
| 050 | _aLB 1585 .G49 2009 | ||
| 245 | _aGeorgia GHSGT Coach, GPS Edition, Science / | ||
| 260 |
_aBoston : _bTriump learning _c©2009. |
||
| 300 |
_a223p. : _bill. ; _c28cm |
||
| 650 |
_aScience _xPhysical sciences _yLife sciences |
||
| 942 |
_2lcc _cBOOKS _hLB 1585 .G49 2009 |
||